Les épreuves d'un décathlon - Statistiques

Statistiques générales
  • Ce quiz a été pris 139 fois
  • Le résultat moyen est 8 sur 10
Statistiques - réponses
Ordre Epreuve % Correct
4 Saut en hauteur
94%
1 100m
93%
2 Saut en longueur
93%
8 Saut à la perche
88%
5 400m
80%
10 1500m
76%
3 Lancer de poids
75%
9 Lancer de javelot
72%
6 110m haies
68%
7 Lancer de disque
61%
Aucun quiz correspondant
Distribution des résultats
% des personnes avec chaque résultat
Percentile par nombre de réponses
Votre historique - résultats
Vous n’avez pas pris ce quiz